Online Catalogue and eLibrary

Poolan Devi - 3 (Record no. 4883)

MARC details
000 -LEADER
fixed length control field 00393nam a2200157Ia 4500
005 - DATE AND TIME OF LATEST TRANSACTION
control field 20250430011626.0
008 - FIXED-LENGTH DATA ELEMENTS--GENERAL INFORMATION
fixed length control field 240331s9999 xx 000 0 und d
020 ## - INTERNATIONAL STANDARD BOOK NUMBER
ISBN 9558503002
082 ## - DDC Classification
Item Number - Author Mark POO
Class No. 891
245 #0 - TITLE STATEMENT
Title Poolan Devi - 3
260 ## - PUBLICATION, DISTRIBUTION, ETC.
Place of publication, distribution, etc. Poogoda
Name of publisher, distributor, etc. Gimanee Publishers
Date of publication, distribution, etc. 2001
300 ## - PHYSICAL DESCRIPTION
Extent (e.g. Volumes, Pages etc.) 132 p .,
500 ## - GENERAL NOTE
General note A Book of Poolan Devi
700 ## - ADDED ENTRY--PERSONAL NAME
Personal name Leelaratana , Upaali
Relator term (Role) Editor
942 ## - Koha item type (Biblio)
Koha item type Books in Stacks (Lending)
Holdings
Lost status Damaged status Collection code Home library Current library Shelving location Date acquired Full call number Accession Number Item type
    Lending WERC Library WERC Library Social Science Cupboard 03/31/2024 891.48 POO 4353 Books in Stacks (Lending)

© WERC Library